[Event "Tourn. n8439"]
[Site "www.chess-mail.com"]
[Date "2016.01.04"]
[Round "1"]
[White "Hundegana"]
[Black "Liencam2"]
[WhiteElo "2010"]
[BlackElo "2280"]
[Result "0-1"]
[Round "1"]
1.c4 e5
2.e3 Ng8f6
3.a3 g6
4.Qd1c2 Bf8g7
5.Bf1e2 c5
6.b4 d6
7.Bc1b2 Nb8c6
8.b5 Nc6e7
9.a4 Qd8c7
10.Nb1c3 d5
11.Ng1f3 d4
12.exd4 exd4
13.Nc3e4 Bc8f5
14.Ne4xf6 Bg7xf6
15.d3 O-O
16.Bb2c1 a6
17.Ra1b1 axb5
18.axb5 b6
19.O-O Ra8a7
20.Bc1d2 Rf8a8
21.Rb1b2 Ra7a3
22.Rf1b1 Kg7
23.h3 Ra8e8
24.Rb2a2 Ra3xa2
25.Qc2xa2 Ne7d5
26.Be2f1 Nd5f4
27.Bd2xf4 Qc7xf4
28.Qa2a7 Bf6d8
29.Qa7a8 Bf5d7
30.Rb1e1 Re8xe1
31.Nf3xe1 Bd8c7
32.g3 Qf4d6
33.Bf1g2 Bd7f5
34.Qa8c6 Qd6xc6
35.Bg2xc6 Bf5xh3
36.Kh2 Bh3f5
37.Kg2 h5
38.Bc6e4 Bf5xe4
39.dxe4 Kf6
40.Ne1d3 Ke6
41.f4 f6
42.Kf3 Bc7d8
43.e5 fxe5
44.Nd3xe5 g5
45.Ke4 Bd8c7
46.Ne5d3 h4
47.gxh4 gxh4
48.Nd3f2 Kf6
49.Nf2h3 d3
50.Kxd3 Kf5
51.Ke3 Kg4
52.Nh3f2 Kg3
53.f5 Bc7e5
54.Nf2e4 Kg2
55.Ne4g5 Be5f6
56.Ng5e4 Bf6d4
57.Kf4 h3
58.f6 Bd4xf6
59.Ne4xf6 h2
60.Nf6d5 h1Q
61.Nd5xb6 Qh1h4
62.Ke5 Qh4d4
63.Ke6 Kf3
64.Ke7 Kf4
65.Ke6 Ke4
66.Ke7 Kf5
67.Ke8 Ke6
68.Kf8 Qd4h8
{ resign }
0-1

[Event "Tourn. n8453"]
[Site "www.chess-mail.com"]
[Date "2016.01.04"]
[Round "1"]
[White "Andychesston"]
[Black "Naujzaid"]
[WhiteElo "2000"]
[BlackElo "1910"]
[Result "0-1"]
[Round "1"]
1.e4 c5
2.Ng1f3 d6
3.d4 cxd4
4.Nf3xd4 Ng8f6
5.Nb1c3 e6
6.Bc1g5 a6
7.g3 Bf8e7
8.f4 O-O
9.Bf1d3 b5
10.Qd1f3 Bc8b7
11.O-O-O Qd8b6
12.Bd3e2 Nb8c6
13.Nd4b3 Ra8c8
14.Bg5xf6 gxf6
15.f5 Nc6e5
16.Qf3f1 Ne5c4
17.Be2xc4 Rc8xc4
18.Nb3d2 Rc4c7
19.Qf1e2 Rf8c8
20.Qe2g4 Kh8
21.Qg4h5 b4
22.Nc3a4 Rc7xc2
23.Kb1 Qb6b5
24.b3 Rc2xd2
25.Rh1e1 Qb5d3
26.Ka1 Qd3d4
27.Kb1 Bb7xe4
28.Re1xe4 Rd2xd1
29.Qh5xd1 Qd4xd1
{ resign }
0-1

[Event "Tourn. n8465"]
[Site "www.chess-mail.com"]
[Date "2016.01.04"]
[Round "1"]
[White "Norlavuaram"]
[Black "Ssharp"]
[WhiteElo "2260"]
[BlackElo "2220"]
[Result "1-0"]
[Round "1"]
1.e4 e6
2.d4 d5
3.Nb1d2 c5
4.Ng1f3 Nb8c6
5.Bf1b5 cxd4
6.Nf3xd4 Bc8d7
7.Bb5xc6 Bd7xc6
8.Nd4xc6 bxc6
9.O-O Ng8f6
10.exd5 cxd5
11.c4 Bf8e7
12.Qd1a4 Qd8d7
13.Qa4xd7 Kxd7
14.cxd5 Nf6xd5
15.Nd2b3 Be7f6
16.Nb3c5 Ke7
17.Nc5e4 Bf6d4
18.Ra1b1 Ra8b8
19.Rf1d1 Bd4b6
20.Bc1d2 Rh8c8
21.Ne4c3 Nd5xc3
22.Bd2xc3 f6
23.Rd1d2 Rc8d8
24.Rb1d1 Rd8xd2
25.Rd1xd2 Rb8d8
26.Kf1 Rd8xd2
27.Bc3xd2 Kd6
28.Ke2 Kd5
29.Bd2c3 e5
30.f3 e4
31.fxe4 Kxe4
32.b3 h5
33.Bc3b2 Bb6g1
34.h3 Kf4
35.Bb2a3 Kg3
36.Kf1 Bg1d4
37.Ba3d6 Kh4
38.Bd6f8 g6
39.Bf8d6 g5
40.b4 f5
41.Bd6c5 { resign }
1-0

[Event "Tourn. n8543"]
[Site "www.chess-mail.com"]
[Date "2016.01.04"]
[Round "1"]
[White "Mitja"]
[Black "Tonino1"]
[WhiteElo "1910"]
[BlackElo "2040"]
[Result "0-1"]
[Round "1"]
1.d4 Ng8f6
2.e3 g6
3.Ng1f3 Bf8g7
4.Bf1c4 O-O
5.Bc4b3 d6
6.Nb1c3 c6
7.a3 Qd8c7
8.Bb3a2 Nb8d7
9.O-O e5
10.dxe5 Nd7xe5
11.Nf3xe5 dxe5
12.h3 Bc8e6
13.Ba2xe6 fxe6
14.b3 Ra8d8
15.Qd1e2 Rd8d7
16.Bc1b2 Rf8d8
17.Ra1d1 Rd7xd1
18.Rf1xd1 Rd8xd1
19.Qe2xd1 Qc7d7
20.Qd1e2 Nf6d5
21.Nc3xd5 exd5
22.c3 e4
23.c4 Bg7xb2
24.Qe2xb2 dxc4
25.bxc4 b6
26.Qb2d4 Qd7e7
27.Qd4c3 c5
28.a4 Qe7d6
29.Qc3c2 Qd6e5
30.Qc2d1 Kf7
31.Qd1d7 Qe5e7
32.Qd7xe7 Kxe7
33.Kf1 Ke6
34.Ke2 Ke5
35.Kd2 h5
36.g3 g5
37.Ke2 Kf5
38.f3 exf3
39.Kxf3 g4
40.hxg4 hxg4
41.Ke2 Ke4
42.Kd2 Kf3
43.Kd3 Kxg3
44.e4 Kf4
{ resign }
0-1

[Event "Tourn. n8523"]
[Site "www.chess-mail.com"]
[Date "2016.01.04"]
[Round "1"]
[White "Tonino1"]
[Black "Expert"]
[WhiteElo "1990"]
[BlackElo "1900"]
[Result "1-0"]
[Round "1"]
1.d4 f5
2.Ng1f3 Ng8f6
3.e3 g6
4.Bf1d3 Bf8g7
5.b3 O-O
6.Bc1b2 d5
7.Nf3e5 Nb8d7
8.f4 Nf6e4
9.Nb1d2 c5
10.O-O Nd7xe5
11.fxe5 e6
12.c4 b6
13.Ra1c1 Bc8a6
14.Qd1e2 Qd8e7
15.cxd5 Ba6xd3
16.Qe2xd3 exd5
17.dxc5 { resign }
1-0

[Event "Tourn. n8506"]
[Site "www.chess-mail.com"]
[Date "2016.01.04"]
[Round "1"]
[White "Bojan"]
[Black "Stepanpech"]
[WhiteElo "2040"]
[BlackElo "2170"]
[Result "0-1"]
[Round "1"]
1.e4 d5
2.exd5 Ng8f6
3.c4 c6
4.dxc6 Nb8xc6
5.a3 e5
6.Nb1c3 Qd8b6
7.f3 Bf8c5
8.d4 Bc5xd4
9.Ng1e2 Bd4f2
10.Kd2 Bc8f5
11.Nc3d5 Nf6xd5
12.Qd1a4 Qb6e3
13.Kd1 Nd5c3
14.bxc3 Ra8d8
15.Ne2d4 Qe3e1
{ resign }
0-1

[Event "Tourn. n8519"]
[Site "www.chess-mail.com"]
[Date "2016.01.04"]
[Round "1"]
[White "Bluetealeaf"]
[Black "Badshahc"]
[WhiteElo "1760"]
[BlackElo "1649"]
[Result "0-1"]
[Round "1"]
1.e4 e5
2.Ng1f3 Nb8c6
3.c3 d5
4.Bf1d3 Ng8f6
5.h3 dxe4
6.Bd3c4 exf3
7.Qd1xf3 Bf8c5
8.d3 O-O
9.Nb1d2 Bc8e6
10.Bc4xe6 fxe6
11.Nd2c4 Nf6d5
12.Qf3g3 Bc5xf2
13.Qg3xf2 Rf8xf2
14.Kxf2 Qd8h4
15.g3 Ra8f8
16.Kg2 Qh4h5
17.h4 Qh5f3
18.Kh3 Qf3xh1
{ resign }
0-1

[Event "Tourn. n8498"]
[Site "www.chess-mail.com"]
[Date "2016.01.04"]
[Round "1"]
[White "Expert"]
[Black "Neo"]
[WhiteElo "1840"]
[BlackElo "1860"]
[Result "1/2-1/2"]
[Round "1"]
1.c4 e6
2.Nb1c3 c6
3.d4 d5
4.e3 g6
5.Ng1f3 Bf8g7
6.Bf1d3 Ng8h6
7.cxd5 cxd5
8.O-O O-O
9.b3 Nh6f5
10.Bd3xf5 exf5
11.Bc1b2 b6
12.Ra1c1 Nb8c6
13.Nc3b5 Bc8b7
14.a3 a6
15.Nb5c3 b5
16.b4 Nc6e7
17.Nc3e2 Ne7c8
18.Ne2f4 Nc8b6
19.Nf4d3 Nb6c4
20.Qd1e2 Ra8c8
21.Nd3c5 Qd8c7
22.Rf1d1 a5
23.h3 axb4
24.axb4 { draw }
1/2-1/2

[Event "Match"]
[Site "www.echecsemail.com"]
[Date "2016.01.04"]
[Round "1"]
[White "Tonino1"]
[Black "Chapi"]
[WhiteElo "2040"]
[BlackElo "2010"]
[Result "1-0"]
[Round "1"]
1.d4 d5
2.Ng1f3 c5
3.e3 Nb8c6
4.b3 cxd4
5.exd4 Ng8f6
6.Bc1b2 Bc8f5
7.Bf1d3 Bf5xd3
8.Qd1xd3 e6
9.Nb1d2 Bf8d6
10.Nf3e5 O-O
11.a3 Qd8c7
12.f4 Ra8c8
13.O-O Nc6e7
14.c4 b6
15.Ra1c1 Ne7f5
16.cxd5 Qc7b7
17.dxe6 fxe6
18.Nd2c4 Bd6xe5
19.fxe5 Nf6d5
20.g4 Nd5e3
21.Nc4xe3 Nf5xe3
22.Rf1xf8 Rc8xf8
23.Qd3xe3 Rf8f3
24.Rc1c8 Kf7
25.Rc8c7 Qb7xc7
26.Qe3xf3 Ke7
27.d5 Qc7c2
28.d6 Ke8
29.Qf3a8 Kf7
30.Qa8f3 Ke8
31.Qf3c3 Qc2d1
32.Kf2 Qd1xg4
33.Qc3c8 Kf7
34.Qc8d7 Kg6
35.Qd7e8 Kf5
36.Qe8a4 Qg4xa4
37.bxa4 Ke4
38.d7 { resign }
1-0

[Event "Match"]
[Site "www.echecsemail.com"]
[Date "2016.01.04"]
[Round "1"]
[White "Forest"]
[Black "Joseph1983"]
[WhiteElo "1570"]
[BlackElo "2200"]
[Result "1-0"]
[Round "1"]
1.d4 Ng8f6
2.Ng1f3 g6
3.b3 Bf8g7
4.Bc1b2 d6
5.Nb1d2 c5
6.e3 O-O
7.Bf1b5 a6
8.Bb5e2 Nb8c6
9.O-O cxd4
10.Nf3xd4 Nc6xd4
11.Bb2xd4 Bc8f5
12.c4 Ra8c8
13.Nd2f3  { time }
1-0

[Event "Match"]
[Site "www.echecsemail.com"]
[Date "2016.01.04"]
[Round "1"]
[White "Hundegana"]
[Black "Duff"]
[WhiteElo "1950"]
[BlackElo "1740"]
[Result "0-1"]
[Round "1"]
1.d4 Ng8f6
2.c4 e6
3.a3 Bf8e7
4.Bc1f4 O-O
5.Nb1c3 a6
6.Qd1d3 d5
7.c5 Nb8d7
8.h3 Rf8e8
9.e4 dxe4
10.Nc3xe4 Nf6d5
11.Bf4h2 Nd7f6
12.Ne4xf6 Be7xf6
13.b4 e5
14.dxe5 Bf6xe5
15.Bh2xe5 Re8xe5
16.Bf1e2 Bc8f5
17.Qd3f3 Qd8f6
18.Ra1d1 c6
19.g4 Bf5c2
20.Qf3xf6 Nd5xf6
21.Rd1d2 Bc2a4
22.Ng1f3 Re5e7
23.O-O Ra8e8
24.Be2c4 Re7e4
25.Bc4a2 Ba4b5
26.Rf1d1 Bb5e2
27.Rd2xe2 Re4xe2
28.Ba2b3 h6
29.Bb3c4 Re2c2
30.Bc4f1 Rc2a2
31.Rd1d3 Nf6d5
32.h4 Ra2a1
33.Nf3d4 Re8e1
34.Kg2 Re1xf1
35.Nd4f3 Nd5f4
{ resign }
0-1

[Event "Match"]
[Site "www.echecsemail.com"]
[Date "2016.01.04"]
[Round "1"]
[White "Powerchess"]
[Black "Hundegana"]
[WhiteElo "1410"]
[BlackElo "1980"]
[Result "0-1"]
[Round "1"]
1.e4 c5
2.g3 d6
3.Bf1g2 e5
4.Nb1c3 a6
5.Ng1e2 b5
6.Nc3d5 Ng8f6
7.Ne2c3 Bc8e6
8.Nd5xf6 Qd8xf6
9.O-O Nb8c6
10.d3 h5
11.f4 exf4
12.Bc1xf4 b4
13.Bf4xd6 Qf6d4
{ resign }
0-1

[Event "Match"]
[Site "www.echecsemail.com"]
[Date "2016.01.04"]
[Round "1"]
[White "Ericleo1980"]
[Black "Jhw"]
[WhiteElo "2280"]
[BlackElo "2040"]
[Result "1-0"]
[Round "1"]
1.e4 e5
2.Ng1f3 Ng8f6
3.Nf3xe5 Nf6xe4
4.Qd1e2 d5
5.d3 Bf8d6
6.Ne5f3 O-O
7.dxe4 Rf8e8
8.Bc1e3 Bc8g4
9.exd5 Bd6f4
10.Nb1c3 Bf4xe3
11.fxe3 Qd8g5
12.Nf3xg5 Bg4xe2
13.Kxe2 { resign }
1-0

[Event "Match"]
[Site "www.echecsemail.com"]
[Date "2016.01.04"]
[Round "1"]
[White "Bibliophile"]
[Black "Mrmoto"]
[WhiteElo "1419"]
[BlackElo "1530"]
[Result "0-1"]
[Round "1"]
1.e4 e5
2.Nb1c3 Nb8c6
3.Nc3d5 Ng8e7
4.Bf1b5 Nc6d4
5.d3 Nd4xb5
6.Bc1g5 f6
7.Bg5e3 Ne7xd5
8.exd5 d6
9.c4 Nb5d4
10.Be3xd4 Qd8e7
11.Ng1f3 exd4
12.Kf1 Bc8g4
13.Qd1a4 Bg4d7
14.Qa4b4 b6
 { time }
0-1

[Event "Match"]
[Site "www.echecsemail.com"]
[Date "2016.01.04"]
[Round "1"]
[White "Roque1"]
[Black "Castletyme"]
[WhiteElo "1520"]
[BlackElo "1880"]
[Result "1-0"]
[Round "1"]
1.e4 e6
2.d4 d5
3.e5 Nb8c6
4.Ng1f3 h6
5.Bf1d3 Ng8e7
6.O-O Ne7g6
7.Bc1e3 Bc8d7
8.Nb1c3 Nc6b4
9.a3 Nb4xd3
10.Qd1xd3 a6
11.b4 Ng6h4
12.Nf3xh4 Qd8xh4
13.Nc3e2 Bd7b5
14.Qd3d2 Bb5xe2
15.Qd2xe2 O-O-O
16.c4 dxc4
17.Qe2xc4 Rd8d5
18.Rf1c1 c6
19.Rc1c3 Kb8
20.Qc4a2 f6
21.g3 Qh4h3
22.Be3f4 Rd5xd4
23.exf6 Ka7
24.Bf4e3 e5
25.Ra1d1 c5
26.Be3xd4 cxd4
27.fxg7 Bf8xg7
28.Rc3c7 Bg7f6
29.Qa2d5 Rh8b8
30.Rd1c1 Bf6g5
31.Rc1c6 Bg5d8
32.Qd5c5 { resign }
1-0

[Event "Match"]
[Site "www.echecsemail.com"]
[Date "2016.01.04"]
[Round "1"]
[White "Forest"]
[Black "Pinehill"]
[WhiteElo "1570"]
[BlackElo "2090"]
[Result "0-1"]
[Round "1"]
1.c4 Ng8f6
2.Nb1c3 e6
3.d4 Bf8b4
4.g3 d5
5.Bf1g2 c6
6.cxd5 exd5
7.Bc1d2 O-O
8.e3 Rf8e8
9.Ng1e2 Bc8f5
10.O-O Bf5d3
11.Rf1e1 Bd3xe2
12.Qd1xe2 Nb8d7
13.a3 Bb4d6
14.b4 a5
15.b5 c5
16.dxc5 Bd6xc5
17.Qe2d3 Nd7b6
18.Ra1b1 Bc5xa3
19.Rb1b3 Ba3b4
20.Re1b1 Ra8c8
21.h3 Nb6c4
22.Bd2e1 Qd8b6
23.Nc3e2 Bb4xe1
24.Rb1xe1 a4
25.Rb3b1 Nc4xe3
26.fxe3 Re8xe3
{ resign }
0-1

[Event "Match"]
[Site "www.echecsemail.com"]
[Date "2016.01.04"]
[Round "1"]
[White "Pinehill"]
[Black "Tonino1"]
[WhiteElo "2110"]
[BlackElo "1990"]
[Result "0-1"]
[Round "1"]
1.e4 c5
2.Ng1f3 d6
3.d4 cxd4
4.Nf3xd4 Ng8f6
5.Nb1c3 a6
6.f3 g6
7.Bc1e3 Bf8g7
8.Qd1d2 h5
9.O-O-O Nb8c6
10.Nd4xc6 bxc6
11.Kb1 Qd8a5
12.Bf1c4 Nf6d7
13.Be3d4 O-O
14.Bd4xg7 Kxg7
15.h4 Ra8b8
16.Bc4b3 Nd7c5
17.g4 Nc5xb3
18.cxb3 hxg4
19.f4 f6
20.h5 g5
21.fxg5 Qa5xg5
22.Qd2xg5 fxg5
23.e5 Bc8f5
24.Ka1 d5
25.h6 Kg6
26.Nc3e2 e6
27.Ne2d4 Rb8c8
28.h7 Rf8h8
29.Rd1d2 Rh8xh7
30.Rh1xh7 Kxh7
31.b4 Kg6
32.a4 Kf7
33.b3 c5
34.bxc5 Rc8xc5
35.Kb2 Bf5e4
36.Rd2f2 Ke7
37.Rf2f6 g3
38.Rf6xe6 Kd7
39.Re6g6 Be4xg6
{ resign }
0-1

[Event "1/128 Finale"]
[Site "www.chess-mail.com"]
[Date "2016.01.04"]
[Round "1"]
[White "Nimzo"]
[Black "Fkarpov"]
[WhiteElo "2830"]
[BlackElo "2070"]
[Result "1-0"]
[Round "1"]
1.d4 Ng8f6
2.c4 e6
3.Ng1f3 Bf8b4
4.Bc1d2 Bb4e7
5.Nb1c3 O-O
6.e4 d6
7.Qd1c2 g6
8.e5 dxe5
9.dxe5 Nf6e8
10.O-O-O Bc8d7
11.h4 Nb8c6
12.Bd2h6 Ne8g7
13.h5 Qd8e8
14.Qc2d2 Ra8d8
15.hxg6 fxg6
16.Bh6xg7 Kxg7
17.Qd2h6 Kh8
18.Qh6xh7 
1-0

[Event "1/64 Finale"]
[Site "www.chess-mail.com"]
[Date "2016.01.04"]
[Round "1"]
[White "Genius7"]
[Black "0o0o0"]
[WhiteElo "2140"]
[BlackElo "1370"]
[Result "1-0"]
[Round "1"]
1.e4 c5
2.Ng1f3 Nb8c6
3.d4 cxd4
4.Nf3xd4 e5
5.Nd4b3 d6
6.Nb1c3 f5
7.Bf1c4 Ng8f6
8.Bc1g5 Bf8e7
9.Bg5xf6 Be7xf6
10.exf5 Bc8xf5
11.Nc3d5 Nc6d4
12.Nb3xd4 exd4
13.O-O a6
14.Rf1e1 Kd7
15.Qd1f3 Bf5g6
16.Nd5xf6 gxf6
17.Qf3xb7 Qd8c7
18.Re1e7 { resign }
1-0

[Event "Tourn. n8484"]
[Site "www.chess-mail.com"]
[Date "2016.01.05"]
[Round "1"]
[White "Silent1"]
[Black "Osopanda"]
[WhiteElo "1780"]
[BlackElo "1810"]
[Result "0-1"]
[Round "1"]
1.e4 c5
2.Ng1f3 d6
3.Bf1b5 Bc8d7
4.Bb5xd7 Qd8xd7
5.d4 cxd4
6.Nf3xd4 Ng8f6
7.Nb1c3 a6
8.O-O e5
9.Nd4f3 Nb8c6
10.a3 Bf8e7
11.h3 O-O
12.Rf1e1 Rf8d8
13.Nc3d5 Nf6xd5
14.Bc1d2 Nd5f4
15.Bd2xf4 exf4
16.Qd1d2 Nc6e5
17.Nf3xe5 dxe5
18.Qd2xd7 Rd8xd7
19.Re1d1 Ra8d8
20.Rd1xd7 Rd8xd7
21.Kf1 Rd7d2
22.Ra1c1 Be7c5
23.Ke1 Rd2xf2
24.Rc1d1 g5
25.Rd1d8 Kg7
26.Rd8d5 Rf2xc2
27.Rd5xe5 b6
28.Re5xg5 Kf6
29.Rg5f5 Kg6
30.Rf5xf4 Rc2xb2
31.Kf1 Bc5xa3
32.Rf4f3 Ba3c5
33.e5 a5
{ resign }
0-1

[Event "Tourn. n8423"]
[Site "www.chess-mail.com"]
[Date "2016.01.05"]
[Round "1"]
[White "Hundegana"]
[Black "Fkarpov"]
[WhiteElo "2020"]
[BlackElo "2080"]
[Result "0-1"]
[Round "1"]
1.e4 c5
2.b3 e5
3.Bc1b2 Bf8d6
4.Qd1g4 Qd8f6
5.Nb1c3 Ng8h6
6.Qg4f3 Qf6xf3
7.Ng1xf3 O-O
8.O-O-O Nh6g4
9.Rd1e1 Ng4xf2
10.Rh1g1 Nf2g4
11.h3 Ng4f6
12.Nc3b5 Nf6e8
13.Nb5xd6 Ne8xd6
14.Bb2xe5 Nd6e8
15.Bf1c4 d6
16.Be5b2 Bc8e6
17.Bc4d5 Be6xd5
18.exd5 Nb8d7
19.g4 Ne8c7
20.Re1e7 Ra8d8
21.Rg1e1 Nc7xd5
22.Re7e4 f6
23.c4 Nd5b4
24.Re1e3 Nb4xa2
25.Kb1 Na2b4
26.Bb2c3 d5
27.cxd5 Nb4xd5
28.Re3e2 Nd5xc3
29.dxc3 b5
30.Kb2 a5
31.c4 b4
32.Nf3e1 Nd7e5
33.g5 Rd8d4
34.h4 Rd4xe4
35.Re2xe4 Rf8d8
36.Kc2 Rd8d4
37.Re4xd4 cxd4
38.Ne1g2 fxg5
39.hxg5 d3
40.Kd2 Kf7
41.Ng2f4 g6
42.Nf4d5 Ne5f3
43.Kxd3 Nf3xg5
44.c5 Ng5e6
45.Kc4 h5
46.Kb5 h4
47.Nd5e3 Ke7
48.Kxa5 h3
49.Ne3g4 Ne6xc5
50.Kxb4 Nc5d3
51.Kc3 Nd3e5
52.Ng4h2 g5
53.Kd4 Ke6
54.b4 g4
55.b5 g3
56.b6 gxh2
57.b7 h1Q
58.b8Q Ne5c6
59.Kc5 Nc6xb8
{ resign }
0-1

[Event "Tourn. n8555"]
[Site "www.chess-mail.com"]
[Date "2016.01.05"]
[Round "1"]
[White "Cathar"]
[Black "Goofy"]
[WhiteElo "2250"]
[BlackElo "2260"]
[Result "0-1"]
[Round "1"]
1.d4 e6
2.Ng1f3 f5
3.g3 Ng8f6
4.Bf1g2 Bf8e7
5.O-O O-O
6.c4 d6
7.Nb1c3 Nf6e4
8.Nc3xe4 fxe4
9.Nf3d2 d5
10.f3 Nb8c6
11.fxe4 Rf8xf1
12.Nd2xf1 dxc4
13.d5 Nc6e5
14.Bc1f4 Be7c5
15.Kh1 Ne5g4
16.e3 Ng4f2
{ resign }
0-1

[Event "Tourn. n8446"]
[Site "www.chess-mail.com"]
[Date "2016.01.05"]
[Round "1"]
[White "Wwgia"]
[Black "Hundegana"]
[WhiteElo "2200"]
[BlackElo "2000"]
[Result "1-0"]
[Round "1"]
1.d4 d5
2.c4 Ng8f6
3.cxd5 Nf6xd5
4.e4 Nd5b6
5.Nb1c3 e6
6.Ng1f3 Bf8b4
7.a3 Bb4xc3
8.bxc3 Bc8d7
9.Bf1d3 O-O
10.O-O f6
11.Qd1e2 a6
12.Bc1f4 Rf8e8
13.Ra1b1 Kh8
14.h4 Nb8c6
15.h5 Re8e7
16.h6 g6
17.e5 Qd8f8
18.Bd3e4 f5
19.Be4xc6 Bd7xc6
20.Bf4g5 Re7f7
21.Bg5f6 Rf7xf6
22.exf6 Qf8xh6
23.Nf3e5 Qh6f8
24.f7 Nb6d7
25.Ne5xc6 bxc6
26.Qe2xe6 Ra8d8
27.Rb1b7 Kg7
28.Rb7xc7 Qf8xf7
29.Qe6xf7 Kxf7
30.Rf1b1 Ke6
31.Rb1b7 h5
32.c4 g5
33.Kf1 f4
34.Rc7xc6 Kf5
35.Rc6xa6 h4
36.f3 g4
37.Rb7b5 Nd7e5
38.Rb5xe5 { resign }
1-0

[Event "Tourn. n8457"]
[Site "www.chess-mail.com"]
[Date "2016.01.05"]
[Round "1"]
[White "Azulmarino"]
[Black "Dulap"]
[WhiteElo "1750"]
[BlackElo "1619"]
[Result "0-1"]
[Round "1"]
1.e4 e5
2.Ng1f3 Nb8c6
3.a3 Ng8f6
4.Nb1c3 Bf8e7
5.Bf1c4 d6
6.Nc3d5 Nf6xe4
7.d3 Ne4f6
8.h3 Nf6xd5
9.Bc4xd5 Bc8d7
10.Bc1e3 O-O
11.d4 exd4
12.Be3xd4 Nc6xd4
13.Nf3xd4 Be7f6
14.c3 Rf8e8
15.Kf1 c6
16.Bd5b3 Qd8b6
17.Bb3c2 Bf6xd4
18.cxd4 Qb6xb2
19.g4 Qb2c3
20.Kg2 Bd7e6
21.Rh1f1 h5
22.g5 Be6xh3
23.Kg1 Bh3xf1
24.Ra1c1 Qc3h3
25.Qd1xf1 Qh3xf1
26.Rc1xf1 Re8e2
27.Bc2d3 Re2d2
28.Bd3c4 Rd2xd4
29.Bc4b3 Rd4g4
30.Kh2 Rg4xg5
31.Bb3c2 Rg5c5
32.Bc2b1 Rc5a5
33.Rf1e1 Ra5xa3
34.Re1e4 d5
35.Re4h4 g6
36.Kg2 Ra8e8
37.Bb1c2 Re8e2
38.Bc2d1 Re2d2
39.Bd1f3 Ra3a2
40.Rh4b4 Rd2xf2
41.Kg3 b6
42.Kf4 Ra2a3
43.Kg3 Rf2xf3
44.Kg2 c5
45.Rb4b2 d4
46.Rb2e2 Rf3e3
47.Re2f2 d3
{ resign }
0-1

[Event "Tourn. n8448"]
[Site "www.chess-mail.com"]
[Date "2016.01.05"]
[Round "1"]
[White "Takfarov"]
[Black "Robert66"]
[WhiteElo "1619"]
[BlackElo "1880"]
[Result "0-1"]
[Round "1"]
1.e4 e5
2.Ng1f3 Nb8c6
3.Bf1c4 Ng8f6
4.Nf3g5 d5
5.exd5 Nc6a5
6.Bc4b5 Bc8d7
7.Bb5xd7 Qd8xd7
8.d3 Qd7xd5
9.O-O Bf8d6
10.Qd1f3 Qd5xf3
11.Ng5xf3 O-O
12.Nb1c3 h6
13.Bc1d2 Na5c6
14.Rf1e1 Rf8e8
15.Nc3e4 Nf6xe4
16.dxe4 Ra8d8
17.Bd2c3 f6
18.Ra1d1 g5
19.a3 Kf7
20.h3 h5
21.Rd1d3 Kg6
22.Re1d1 a5
23.Nf3d2 Nc6a7
24.Bc3xa5 b6
25.Ba5c3 Na7b5
26.Nd2c4 Nb5xc3
27.Rd3xc3 Bd6c5
28.Rc3d3 Rd8xd3
29.Rd1xd3 Re8e7
30.b4 Bc5d4
31.c3 b5
32.Nc4d2 Bd4b6
33.Kf1 c5
34.f3 c4
35.Rd3d5 Bb6e3
36.Ke2 Be3xd2
37.Kxd2 Re7b7
38.a4 bxa4
39.Rd5a5 g4
40.hxg4 Rb7d7
41.Kc2 hxg4
42.Ra5xa4 gxf3
43.gxf3 Kg5
44.Ra4a1 Kf4
45.Ra1f1 Rd7b7
46.Rf1a1 Rb7b6
47.Ra1f1 Ke3
48.f4 exf4
 { time }
0-1

[Event "Tourn. n8472"]
[Site "www.chess-mail.com"]
[Date "2016.01.05"]
[Round "1"]
[White "Wegaman"]
[Black "Jhw"]
[WhiteElo "1950"]
[BlackElo "1920"]
[Result "1-0"]
[Round "1"]
1.d4 c6
2.c4 e6
3.Nb1c3 h5
4.e4 g5
5.f4 g4
6.Bf1d3 Ng8h6
7.Bc1e3 Bf8b4
8.Ng1e2 d6
9.O-O a5
10.a3 Bb4xc3
11.bxc3 Bc8d7
12.Qd1c1 b6
13.f5 exf5
14.Be3xh6 fxe4
15.Bd3xe4 Ra8a7
16.Bh6g5 Qd8c7
17.Qc1e3 d5
18.Be4xd5 { resign }
1-0

[Event "Tourn. n8572"]
[Site "www.chess-mail.com"]
[Date "2016.01.05"]
[Round "1"]
[White "Attatroll"]
[Black "Buchauer"]
[WhiteElo "1980"]
[BlackElo "1809"]
[Result "0-1"]
[Round "1"]
1.e4 c5
2.b4 cxb4
3.a3 e5
4.axb4 Bf8xb4
5.c3 Bb4e7
6.Ng1f3 Nb8c6
7.Bc1a3 Ng8f6
8.d3 d5
9.exd5 Nf6xd5
10.Qd1a4 O-O
11.Ba3xe7 Qd8xe7
12.Bf1e2 Nd5f4
13.Be2f1 Bc8f5
14.Qa4b5 e4
15.Nf3d2 Nf4xd3
16.Bf1xd3 exd3
17.Kd1 Qe7g5
18.Rh1g1 Bf5g4
{ resign }
0-1

[Event "Tourn. n8343"]
[Site "www.chess-mail.com"]
[Date "2016.01.05"]
[Round "1"]
[White "Numanoid"]
[Black "Nimzo"]
[WhiteElo "2500"]
[BlackElo "2760"]
[Result "0-1"]
[Round "1"]
1.e4 e6
2.d4 d5
3.e5 c5
4.c3 Qd8b6
5.Ng1f3 Nb8c6
6.a3 Ng8h6
7.b4 cxd4
8.cxd4 Nh6f5
9.Bc1b2 Bc8d7
10.g4 Nf5e7
11.Nb1c3 Ne7g6
12.Nc3a4 Qb6d8
13.h4 h5
14.g5 b6
15.Ra1c1 a5
16.b5 Nc6e7
17.Qd1b3 Ne7f5
18.Bf1d3 Bf8e7
19.Bd3xf5 exf5
20.O-O O-O
21.Rc1c2 f4
22.Rf1c1 Bd7f5
23.Rc2c7 Ra8b8
24.Rc1c6 Rf8e8
25.Kh2 Be7f8
26.Bb2c1 Re8e7
27.Rc7xe7 Ng6xe7
28.Rc6c3 Ne7g6
29.Rc3c6 Bf5e4
30.Rc6xg6 Be4xg6
31.Bc1xf4 Qd8e7
32.Bf4c1 Qe7e6
{ resign }
0-1

[Event "Tourn. n8532"]
[Site "www.chess-mail.com"]
[Date "2016.01.05"]
[Round "1"]
[White "Attatroll"]
[Black "Neo"]
[WhiteElo "1920"]
[BlackElo "1880"]
[Result "1/2-1/2"]
[Round "1"]
1.d4 d5
2.c4 dxc4
3.e4 b5
4.a4 c6
5.Nb1c3 a6
6.axb5 cxb5
7.Nc3xb5 Bc8d7
8.Nb5c3 e6
9.Bf1xc4 g6
10.Bc1e3 Bf8g7
11.Ng1f3 Ng8e7
12.O-O O-O
13.Qd1e2 Nb8c6
14.d5 exd5
15.Nc3xd5 Nc6e5
16.Ra1d1 Ne5xf3
17.Qe2xf3 Bg7xb2
18.Be3h6 Rf8e8
19.Nd5f6 Bb2xf6
20.Qf3xf6 Ne7f5
21.Qf6xf7 Kh8
22.Rd1xd7 Qd8xd7
23.exf5 Qd7xf7
24.Bc4xf7 Re8e7
25.fxg6 hxg6
26.Bf7d5 Ra8a7
27.Rf1c1 Kh7
28.Bh6e3 Ra7d7
29.Bd5f3 a5
30.Rc1a1 Re7e5
31.g3 Rd7f7
32.Kg2 Re5f5
33.Bf3d1 Rf7b7
34.h4 Rb7b4
35.Ra1a4 Rf5d5
36.Ra4xb4 axb4
37.Bd1b3 Rd5d3
38.Bb3c2 Rd3a3
39.Be3c5 Ra3c3
40.Bc2xg6 Kxg6
41.Bc5xb4 Rc3c4
42.Bb4d6 Kh5
43.Bd6f4 Rc4c2
44.Kh3 Rc2xf2
45.g4 Kg6
46.h5 Kh7
47.Bf4g3 Rf2f3
48.Kh4 Rf3f1
49.g5 Rf1h1
50.Kg4 Kg7
51.g6 Rh1g1
52.Kh4 Kf6
53.Bg3f4 Kf5
54.Bf4h6 Rg1h1
55.Kg3 Rh1xh5
56.g7 Rh5xh6
57.g8Q Rh6g6
58.Qg8xg6 Kxg6
59.Kg4 { draw }
1/2-1/2

[Event "Tourn. n8502"]
[Site "www.chess-mail.com"]
[Date "2016.01.05"]
[Round "1"]
[White "Goosebumps"]
[Black "Squimichele"]
[WhiteElo "2200"]
[BlackElo "2490"]
[Result "0-1"]
[Round "1"]
1.Ng1f3 Ng8f6
2.g3 g6
3.d4 d5
4.Bf1g2 Bf8g7
5.c4 dxc4
6.Qd1a4 Nf6d7
7.Qa4xc4 Nb8c6
8.a3 Nd7b6
9.Qc4b5 a6
10.Qb5d3 Nc6xd4
11.O-O Bc8f5
12.e4 Bf5e6
13.Nb1c3 Be6c4
14.Qd3d1 Nd4b3
15.Qd1xd8 Ra8xd8
16.Bc1e3 Bc4xf1
17.Ra1xf1 Nb6c4
18.Nc3d1 O-O
19.Be3f4 c6
20.e5 Nb3c5
21.Rf1e1 Nc5d3
{ resign }
0-1

[Event "Tourn. n8572"]
[Site "www.chess-mail.com"]
[Date "2016.01.05"]
[Round "1"]
[White "Bojan"]
[Black "Buchauer"]
[WhiteElo "2060"]
[BlackElo "1809"]
[Result "0-1"]
[Round "1"]
1.d4 d5
2.Ng1f3 Ng8f6
3.e3 e6
4.c4 Bf8e7
5.c5 b6
6.b4 a5
7.Qd1a4 Bc8d7
8.Bf1b5 Bd7xb5
9.Qa4xb5 c6
10.Qb5a4 Nb8d7
11.b5 cxb5
12.Qa4xb5 bxc5
13.dxc5 O-O
14.c6 Ra8b8
15.Qb5a4 Nd7c5
16.Qa4f4 Nc5d3
{ resign }
0-1

[Event "Match"]
[Site "www.echecsemail.com"]
[Date "2016.01.05"]
[Round "1"]
[White "Duff"]
[Black "Ditto"]
[WhiteElo "1740"]
[BlackElo "1800"]
[Result "1-0"]
[Round "1"]
1.e4 e5
2.Ng1f3 Nb8c6
3.Nb1c3 Bf8c5
4.Bf1e2 Ng8f6
5.d3 O-O
6.Bc1g5 h6
7.Bg5h4 d6
8.Nc3d5 Nc6d4
9.Nd5xf6 gxf6
10.Nf3xd4 Bc5xd4
11.c3 Bd4b6
{ time. }
1-0

[Event "Match"]
[Site "www.echecsemail.com"]
[Date "2016.01.05"]
[Round "1"]
[White "Coraza8091"]
[Black "Hardland"]
[WhiteElo "1710"]
[BlackElo "1770"]
[Result "1-0"]
[Round "1"]
1.e4 c5
2.d4 cxd4
3.Qd1xd4 Nb8c6
4.Qd4c3 e6
5.a3 Qd8a5
6.Qc3xa5 Nc6xa5
7.b4 Na5c6
8.Bc1b2 Ng8f6
9.Bb2xf6 gxf6
10.Ng1f3 Bf8g7
11.Ra1a2  { time }
1-0

[Event "Match"]
[Site "www.echecsemail.com"]
[Date "2016.01.05"]
[Round "1"]
[White "Orae"]
[Black "Billyg"]
[WhiteElo "1800"]
[BlackElo "1690"]
[Result "0-1"]
[Round "1"]
1.e4 e5
2.Ng1f3 d6
3.Bf1c4 Bc8e6
4.Bc4xe6 fxe6
5.d4 h6
6.dxe5 Nb8c6
7.Bc1f4 dxe5
8.Qd1xd8 Ra8xd8
9.Bf4xe5 Rd8d7
10.O-O Ng8e7
11.Nb1c3 Nc6b4
12.Ra1c1 Ne7c6
13.a3 Nb4a6
14.Be5g3 Na6c5
15.b4 Nc5d3
16.cxd3 Bf8d6
 { time }
0-1

[Event "Match"]
[Site "www.echecsemail.com"]
[Date "2016.01.05"]
[Round "1"]
[White "Pinehill"]
[Black "Chapi"]
[WhiteElo "2080"]
[BlackElo "2030"]
[Result "1-0"]
[Round "1"]
1.e4 c5
2.Ng1f3 d6
3.d4 cxd4
4.Nf3xd4 g6
5.Nb1c3 Bf8g7
6.Bc1e3 Ng8f6
7.f3 O-O
8.Qd1d2 Nb8c6
9.O-O-O a6
10.Kb1 b5
11.Nd4xc6 Qd8c7
12.Nc6xe7 Qc7xe7
13.Qd2xd6 Rf8e8
14.Qd6xe7 Re8xe7
15.Nc3d5 Nf6xd5
16.Rd1xd5 Bc8e6
17.Rd5d6 Re7b7
18.Bf1e2 a5
19.Rh1d1 Bg7f6
20.f4 b4
21.f5 Bf6e7
22.fxe6 Be7xd6
23.exf7 Kxf7
24.Rd1xd6 a4
25.Be2c4 Ke7
26.Be3c5 { resign }
1-0